000 00543nam a22001697a 4500
003 OSt
005 20240927001305.0
008 240927b |||||||| |||| 00| 0 eng d
040 _c0
082 _aDPer 050 R22 2000 January-May 2023 v123 no. 719-723
100 _aGalavin, Shannen.
_eauthor.
_961716
245 _aPostcards from the world /
_cShannen Galavin.
260 _aTaipei ;
_b Reader's Digest Asia,
_cMay 2023.
300 _aVolume 123, pages 8-9,
_billustration.
700 _aGalavin, Shannen.
_eauthor.
_961716
942 _2ddc
_cPER
999 _c21940
_d21940